000 006890000a22002290004500
003 LK-CoMWRAF
005 20231109144213.0
008 230817t1996 ||||| |||| 00| 0 eng d
020 _a0807012351
040 _aLK-CoMWRAF
_dLK-CoMWRAF
_eLK-CoMWRAF
041 _aeng
082 _a291.8
_bRUE
100 _aRuether, Rosemary Radfort
245 _aWomanguides:
_bReadings toward a Feminist Theology
260 _aBoston:
_bBeacon Press,
_c1996
300 _axviii, 274 p. : ill. ; 24 cm.
_bBibliography and index included
650 _aFEMINIST THEOLOGY
650 _aWomen and religion.
650 _aFeminism--Religious aspects
650 _aWomen--Religious aspects.
942 _cBK
999 _c340
_d340